000 00598nam a2200193Ia 4500
005 20260114185637.0
008 008 260114s9999 xx 000 0 eng d
020 _a9781474225670
037 _aEBOOK
040 _aCRL
_beng
_cCRL
041 _aeng
_2eng
084 _qCRL
100 _aL. P. Devine
_9872598
245 4 _aThe British Way of War in Northwest Europe, 1944-5 A Study of Two Infantry Divisions
260 _bBloomsbury
_c2015
856 _uhttps://doi.org/10.5040/9781474225670?locatt=label:secondary_bloomsburyCollections
942 _cEBOOK
999 _c1471546
_d1471546